| 000 | 004170000a22001690004500 | ||
|---|---|---|---|
| 003 | MACL | ||
| 005 | 20160107154226.0 | ||
| 008 | 160107b xxu||||| |||| 00| 0 eng d | ||
| 040 |
_aMACL _cMACL |
||
| 041 | _aEnglish | ||
| 082 | _a891.5/MOH | ||
| 100 |
_aMohl, Par Jules _927529 |
||
| 245 | _aLe Liver Des Rois | ||
| 260 |
_bImprimerie Nationale _aParis |
||
| 650 |
_aLiterature _929315 |
||
| 942 |
_cBK _k891.5/MOH _2ddc |
||
| 999 |
_c39116 _d39116 |
||